000
00258nam a2200097Ia 4500
008
240331s9999 xx 000 0 und d
082
_b
RUR
100
_a
nternational Women's Tribune CentreI. ed
245
0
_a
Rural women in action :
_b
a clip-art book
942
_c
L
999
_c
3088
_d
3088